000
00197 a2200097 4500
001
10156
100
_a
Lie, T
245
_a
In the cause of peace
260
_a
_b
Macmillan
_c
090
_c
7891
_d
7891
942
_a
NUST-CAE
_c
M
_c
34590
999
_c
245229
_d
245229